000 00940nam a2200217Ia 4500
999 _c39350
_d39350
001 5937
003 GE_BSU
005 20190823123929.0
008 181216s1959||||ge |||||||||||||| ||geo||
040 _cGE_BSU
041 _ageo
080 _a821.353.1-1 ა-13
100 _aაბაშიძე, ირაკლი
_93740
245 _aერთტომეული რუსთაველის ნაკვალევზე :
_bლექსები /
_cირაკლი აბაშიძე ; რედ. ბორის მირცხულავა.
264 _aთბილისი :
_bსაბჭოთა საქართველო ;
_c1959.
300 _a373 გვ.;
_c22 სმ.
653 _aლექსები
653 _aრუსთაველის ნაკვალევზე
700 _aმირცხულავა, ბორის
_eრედაქტორი
_93759
942 _cBK
_2udc